IFM Opac

The clerical training office: A basic course in office skills and procedures (Record no. 18302)

MARC details
000 -LEADER
fixed length control field 00380nam a22001337a 4500
020 ## - INTERNATIONAL STANDARD BOOK NUMBER
International Standard Book Number 0 273 42851 9
082 ## - DEWEY DECIMAL CLASSIFICATION NUMBER
Classification number 651.4076 GOS
100 ## - MAIN ENTRY--PERSONAL NAME
Personal name Gosling, Kathleen
245 ## - TITLE STATEMENT
Title The clerical training office: A basic course in office skills and procedures
260 ## - PUBLICATION, DISTRIBUTION, ETC.
Place of publication, distribution, etc. New York
Name of publisher, distributor, etc. Pitman publishing
Date of publication, distribution, etc. 1971
300 ## - PHYSICAL DESCRIPTION
Extent viii, 119p.
Other physical details ill., 18cm
650 ## - SUBJECT ADDED ENTRY--TOPICAL TERM
Topical term or geographic name entry element Stock control
942 ## - ADDED ENTRY ELEMENTS (KOHA)
Koha item type Books
Holdings
Withdrawn status Lost status Source of classification or shelving scheme Damaged status Not for loan Home library Current library Shelving location Date acquired Full call number Barcode Date last seen Price effective from Koha item type
    Dewey Decimal Classification     IFM Main Campus Library IFM Main Campus Library   08/15/2017 651.4076 GOS 0000016257 08/15/2017 08/15/2017 Books